00326nam a2200133Ia 4500003000400000005001700004008004100021040001800062041000800080100005200088110001600140245002000156260001600176OSt20260310100538.0211028s2011 xx 000 0 und d cAIMIT LIBRARY aeng aDharekar, Savitha S; Shetty, Annapoorna.g81782 aThomas C G. aPersonal site / aHublic2011